000 01413nam a2200397 i 4500
001 4069
003 KOSZ 005
005 20221025103916.0
008 970903s1989 pl a f |000 0 pol
015 _aPB 1990/10272
040 _aWA N
_cWA N
_dKOSZ 005/HR
046 _k1989
080 _a621.791/.795
080 _a621.78
080 _a621.921/.924
080 _a(075.8)
245 0 0 _aObróbka powierzchniowa :
_bpraca zbiorowa /
_cpod red. Jerzego Łunarskiego.
260 _aRzeszów :
_bPolitechnika Rzeszowska im. Ignacego Łukasiewicza,
_c1989.
300 _a194 s. :
_brys., wykr. ;
_c24 cm.
336 _2rdacontent
_aTekst
_btxt
337 _2rdamedia
_aBez urządzenia pośredniczącego
_bn
338 _2rdacarrier
_aWolumin
_bnc
380 _aKsiążki
388 _a1901-2000
388 _a1989-2000
504 _aBibliogr. s. 193-194.
521 _aSkrypt dla studentów Wydziału Mechanicznego do zajęć z przedmiotu Obróbka powierzchniowa.
650 4 _aInżynieria powierzchni
650 4 _aObróbka metali
655 4 _aPodręczniki akademickie
658 _aInżynieria i technika
700 1 _aŁunarski, Jerzy
_d(1937- )
_eRedakcja
710 2 _aPolitechnika Rzeszowska im. Ignacego Łukasiewicza
_4pbl.
856 _uhttp://koha.tu.koszalin.pl/cgi-bin/koha/opac-detail.pl?biblionumber=4069
_yKatalog online BPK
942 _2UKD
_cKS
999 _c4069
_d4069